000
00272nam a22001211a 4500
999
_c
153900
_d
153900
082
_a
_b
245
_a
UGC NET SLET JRF history/
_c
by Sanjay Kumar (ed.)
260
_a
_b
Ramesh,
_c
2005.
300
_a
756p.
650
_a
700
_a
Sanjay Kumar (ed.)
942
_c
BK